| 000 | 00889pam a2200301 a 4500 | ||
|---|---|---|---|
| 008 | |||
| 020 | _a0295975938 (pbk) | ||
| 049 | _aMAIN | ||
| 090 | _aSD421 | ||
| 100 | 1 | _aPyne, Stephen J. | |
| 245 | 1 | 0 |
_aWorld fire : _bthe culture of fire on earth / _cStephen J. Pyne. |
| 250 | _aPbk. ed. | ||
| 260 |
_aSeattle : _bUniversity of Washington Press, _c1997. |
||
| 300 |
_axiv, 384 p. : _bill., maps ; _c24 cm. |
||
| 440 | _aCycle of fire | ||
| 440 | _aWeyerhaeuser environmental books | ||
| 504 | _aIncludes bibliographical references. | ||
| 500 | _aIncludes index. | ||
| 650 | 0 | _aFires. | |
| 650 | 0 | _aFire ecology. | |
| 650 | 0 |
_aWildfires _xPrevention and control. |
|
| 650 | 0 | _aFire prevention. | |
| 907 |
_a.b10166890 _b05-12-05 _c04-07-05 |
||
| 003 | |||
| 005 | 20230123134027.0 | ||
| 040 | _cNUST | ||
| 942 |
_cBOOKS _kSD421 |
||
| 999 |
_c158763 _d158763 |
||